| 000 | 00508nam a22001697a 4500 | ||
|---|---|---|---|
| 003 | CEME | ||
| 005 | 20210628210418.0 | ||
| 008 | 210208b xxu||||| |||| 00| 0 eng d | ||
| 040 | _c. | ||
| 082 | _a297.1247 AHM | ||
| 100 |
_aAhmed Yaar Khan Naeemi Naeemi, Ahmed Yaar Khan _979286 |
||
| 245 | _aMire-tul-manjeeh maskwah-tul-misabiah | ||
| 260 |
_aLAHORE _bZIA-UL-QURAN _c1995 |
||
| 300 | _a8-VOLS | ||
| 650 |
_aISALM-HADITH-MISKHAT-TUL-MISABIAH ISLAM-HADITH-MASKWAH-TUL-MISABIAH _979287 |
||
| 942 |
_cBK _2ddc |
||
| 999 |
_c584340 _d584340 |
||